00343nam a22001097a 4500020002000000082002600020100002100046245007500067260003800142300001600180526003700196 a978-1-119-01227 a624.1bYEOcN-02,P-99 aYeomans, David T aHow structures work bDesign and behavior from bridges to buildings  aindia,bJohn Wiley & Sons,c2016. a255p.c24cm a0b0c0d624_100000000000000_YEO